[Event "AUTO-ELITE-976"]
[Site "http://www.queenalice.com/game.php?id=1116295"]
[Date "2012.10.26"]
[Round "2"]
[White "Mirok"]
[Black "kobra23"]
[Result "1/2-1/2"]
[WhiteElo "2440"]
[BlackElo "2364"]

1. d4 Nf6 2. c4 e6 3. Nf3 d5 4. Nc3 Nc6 5. Bg5 Be7 6. e3 O-O 7. Bd3 h6 8. Bxf6
Bxf6 9. O-O a6 10. a3 Qd6 11. Rc1 g6 12. b4 Rd8 13. Qc2 Bg7 14. Rfd1 Bd7 15. h4
h5 16. b5 axb5 17. Nxb5 Qf8 18. Ng5 Rac8 19. Bxg6 fxg6 20. Qxg6 Qf5 21. Qxf5
exf5 22. cxd5 Nb4 23. Nxc7 Ba4 24. axb4 Bxd1 25. Nge6 Rd7 26. Rxd1 Rcxc7 27.
Nxc7 Rxc7 28. Ra1 Bf8 29. b5 Rd7 30. Ra7 Kf7 31. Kf1 Ke7 32. b6 Kf7 33. g3 Be7
34. f3 Bd8 35. e4 Bxb6 36. Ra4 Ke7 37. Ke2 Ke8 1/2-1/2

[Event "AUTO-OPEN-2623"]
[Site "http://www.queenalice.com/game.php?id=1118011"]
[Date "2012.11.1"]
[Round "2"]
[White "luiz_antonio"]
[Black "Mirok"]
[Result "0-1"]
[WhiteElo "1820"]
[BlackElo "2451"]

1. e4 e5 2. Bc4 Nf6 3. d3 Bc5 4. c3 c6 5. b4 Bb6 6. Ba3 d5 7. exd5 cxd5 8. Bb3
O-O 9. c4 dxc4 10. dxc4 Qxd1+ 11. Bxd1 Bd4 12. b5 Re8 13. Ne2 Bxa1 14. O-O a6
15. b6 Bg4 16. f3 Bf5 17. Nd2 Bd4+ 18. Nxd4 exd4 19. g4 Bd3 20. Rf2 Re1+ 0-1

[Event "AUTO-OPEN-2623"]
[Site "http://www.queenalice.com/game.php?id=1118012"]
[Date "2012.11.1"]
[Round "2"]
[White "Mirok"]
[Black "luiz_antonio"]
[Result "1-0"]
[WhiteElo "2432"]
[BlackElo "1797"]

1. e4 e5 2. Nf3 Nc6 3. Bb5 Nge7 4. O-O a6 5. Bc4 b5 6. Bb3 Na5 7. Nxe5 Nxb3 8.
axb3 f6 9. Nf3 Bb7 10. d3 c5 11. Be3 Nc6 12. Nc3 Bd6 13. Nh4 g6 14. f4 Nd4 15.
Nd5 Ne6 16. f5 Bxd5 17. exd5 Ng5 18. Bxg5 fxg5 19. fxg6 gxh4 20. g7 Rg8 21. Qh5+
Ke7 22. Qf7# 1-0

[Event "AUTO-OPEN-2623"]
[Site "http://www.queenalice.com/game.php?id=1118019"]
[Date "2012.11.1"]
[Round "2"]
[White "maurice91"]
[Black "Mirok"]
[Result "0-1"]
[WhiteElo "1770"]
[BlackElo "2410"]

1. d4 Nf6 2. c4 g6 3. Nc3 Bg7 4. g3 O-O 5. Bg2 d6 6. Rb1 c5 7. e3 cxd4 8. exd4
Nc6 9. Be3 Bf5 10. Nge2 Bxb1 11. Qxb1 Ng4 12. O-O Rc8 13. Rd1 Nxe3 14. fxe3 Re8
15. e4 Nxd4 16. Nxd4 Bxd4+ 17. Rxd4 Qb6 18. Ne2 e5 0-1

[Event "AUTO-OPEN-2623"]
[Site "http://www.queenalice.com/game.php?id=1118020"]
[Date "2012.11.1"]
[Round "2"]
[White "Mirok"]
[Black "maurice91"]
[Result "1-0"]
[WhiteElo "2411"]
[BlackElo "1719"]

1. e4 c6 2. d4 g6 3. Nc3 Bg7 4. Nf3 d5 5. h3 dxe4 6. Nxe4 Bf5 7. Ng3 Bd7 8. c3
Nf6 9. Qb3 Qc8 10. Be2 e6 11. Bf4 b6 12. Bd6 c5 13. dxc5 bxc5 14. Ne5 Na6 15.
O-O-O Nc7 16. c4 Rb8 17. Qe3 Rxb2 18. Kxb2 Qb7+ 19. Ka1 Na6 20. Rd2 Qxg2 21. Bf3
Qxh1+ 22. Bxh1 Nb4 23. Qxc5 Na6 24. Qxa7 1-0

[Event "AUTO-ELITE-952"]
[Site "http://www.queenalice.com/game.php?id=1134637"]
[Date "2012.12.26"]
[Round "2"]
[White "Mirok"]
[Black "plexus"]
[Result "1/2-1/2"]
[WhiteElo "2446"]
[BlackElo "2676"]

1. d4 d5 2. c4 c6 3. Nc3 Nf6 4. e3 e6 5. Nf3 Nbd7 6. Bd3 dxc4 7. Bxc4 b5 8. Bd3
a6 9. e4 c5 10. e5 cxd4 11. Nxb5 axb5 12. exf6 gxf6 13. O-O Qb6 14. Qe2 b4 15.
Rd1 Bc5 16. a4 h5 17. Bb5 Kf8 18. Qc2 Kg7 19. Qd3 Ba6 20. Bxa6 Qxa6 21. Qe4 Rhd8
22. Nxd4 Bxd4 23. Rxd4 Nc5 24. Qh4 Rxd4 25. Qxd4 Qe2 26. Bh6+ Kg6 27. Qxc5 Rxa4
28. Rc1 Kxh6 29. Qf8+ Kg6 30. Qg8+ Kh6 31. Qh8+ Kg6 32. Qg8+ Kh6 33. Qh8+ Kg6
34. Qg8+ 1/2-1/2

[Event "AUTO-ELITE-952"]
[Site "http://www.queenalice.com/game.php?id=1134638"]
[Date "2012.12.26"]
[Round "2"]
[White "plexus"]
[Black "Mirok"]
[Result "1-0"]
[WhiteElo "2668"]
[BlackElo "2442"]

1. e4 c5 2. Nf3 d6 3. d4 cxd4 4. Nxd4 Nf6 5. Nc3 a6 6. Be2 e6 7. f4 Be7 8. O-O
O-O 9. Kh1 Qc7 10. a4 Rd8 11. Bf3 Nc6 12. Be3 Ne5 13. Be2 Nc4 14. Bc1 d5 15. e5
Ne4 16. Nxe4 dxe4 17. c3 b6 18. Qe1 Bf8 19. Qg3 g6 20. Rb1 Bb7 21. b3 Na3 22.
Bxa3 Bxa3 23. f5 exf5 24. Nxf5 Bf8 25. Bc4 Kh8 26. Nd6 1-0

[Event "AUTO-OPEN-2634"]
[Site "http://www.queenalice.com/game.php?id=1144819"]
[Date "2013.1.24"]
[Round "2"]
[White "Mirok"]
[Black "Constante"]
[Result "1-0"]
[WhiteElo "2482"]
[BlackElo "1827"]

1. d4 Nf6 2. c4 e6 3. Nf3 a5 4. Nc3 Bb4 5. e3 Ne4 6. Qc2 f5 7. Bd3 d5 8. O-O
Bxc3 9. bxc3 O-O 10. cxd5 exd5 11. Ba3 Rf6 12. c4 c6 13. Ne5 Be6 14. cxd5 Bxd5
15. f3 Nd6 16. Rfb1 b5 17. Bxd6 Qxd6 18. Bxf5 g6 19. Bg4 Ra7 20. e4 Be6 21. Rd1
Rc7 22. Rac1 Kg7 23. Bxe6 Qxe6 24. Ng4 Rff7 25. Qb2 Kg8 26. d5 cxd5 27. Nh6+ 1-0

[Event "AUTO-OPEN-2634"]
[Site "http://www.queenalice.com/game.php?id=1144820"]
[Date "2013.1.24"]
[Round "2"]
[White "Constante"]
[Black "Mirok"]
[Result "0-1"]
[WhiteElo "1971"]
[BlackElo "2471"]

1. e4 c5 2. Nf3 d6 3. d4 cxd4 4. Nxd4 Nf6 5. Nc3 a6 6. Be3 e6 7. g4 h6 8. f4 Nc6
9. Nxc6 bxc6 10. Bg2 Rb8 11. b3 d5 12. e5 Bb4 13. Bd2 Qb6 14. Qf3 Nd7 15. a3 Be7
16. h4 Bb7 17. Na4 Qc7 18. b4 c5 19. Qe2 cxb4 20. Bxb4 Qc6 21. Nb2 Bxb4+ 22.
axb4 Qc3+ 0-1

[Event "AUTO-OPEN-2623"]
[Site "http://www.queenalice.com/game.php?id=1156924"]
[Date "2013.3.2"]
[Round "3"]
[White "Mirok"]
[Black "rrainey22"]
[Result "1-0"]
[WhiteElo "2439"]
[BlackElo "1741"]

1. e4 e5 2. Nf3 Nf6 3. d4 exd4 4. e5 Ne4 5. Qxd4 Nc5 6. Bc4 h6 7. O-O Ne6 8. Qg4
g5 9. Rd1 Bg7 10. Bxe6 fxe6 11. h4 Nc6 12. hxg5 hxg5 13. Bxg5 Ne7 14. Bf6 Bxf6
15. exf6 Nf5 16. Qg6+ Kf8 17. Ng5 Rh6 18. Qf7# 1-0

[Event "AUTO-OPEN-2623"]
[Site "http://www.queenalice.com/game.php?id=1156925"]
[Date "2013.3.2"]
[Round "3"]
[White "rrainey22"]
[Black "Mirok"]
[Result "0-1"]
[WhiteElo "1739"]
[BlackElo "2438"]

1. d4 Nf6 2. Nc3 d5 3. Bg5 Nbd7 4. Nf3 e6 5. Ne5 Bd6 6. Nf3 c5 7. dxc5 Bxc5 8.
e3 Qa5 9. Bxf6 Nxf6 10. Bd3 Bd7 11. a3 Qb6 12. b4 Bd6 13. h3 Rc8 14. Qd2 Bb8 15.
Qe2 Rxc3 16. Qd2 Qc7 17. O-O e5 18. Nh2 e4 19. Be2 Qxh2# 0-1

[Event "AUTO-OPEN-2623"]
[Site "http://www.queenalice.com/game.php?id=1156926"]
[Date "2013.3.2"]
[Round "3"]
[White "Mirok"]
[Black "Nille"]
[Result "1-0"]
[WhiteElo "2465"]
[BlackElo "1765"]

1. d4 d5 2. c4 dxc4 3. Nf3 e6 4. e3 c5 5. Bxc4 cxd4 6. Nxd4 Nf6 7. O-O Be7 8.
Nc3 a6 9. e4 O-O 10. e5 Nfd7 11. Bf4 b5 12. Bxe6 Nb6 13. Bxc8 Qxc8 14. Qf3 h6
15. Rac1 N8d7 16. Ncxb5 Nc5 17. Nd6 Qd7 18. Rxc5 Na4 19. Rc2 Nb6 20. Rc6 Nc8 21.
N6f5 Na7 22. Qg4 Bg5 23. Rxh6 f6 24. exf6 Bxf6 25. Rg6 Bxd4 26. Nh6+ Kh8 27.
Qxd7 Rxf4 28. Nf5 Bxb2 29. Rxg7 Rxf5 30. Rh7+ Kg8 31. Qxf5 1-0

[Event "AUTO-OPEN-2623"]
[Site "http://www.queenalice.com/game.php?id=1156927"]
[Date "2013.3.2"]
[Round "3"]
[White "Nille"]
[Black "Mirok"]
[Result "0-1"]
[WhiteElo "1758"]
[BlackElo "2464"]

1. e4 c5 2. Nf3 Nc6 3. Bc4 d6 4. d3 g6 5. Nc3 Bg7 6. Bd2 e6 7. a3 h6 8. O-O Nge7
9. Rb1 O-O 10. h3 g5 11. Nh2 f5 12. exf5 Nxf5 13. Re1 d5 14. Ba2 Bd7 15. b4 cxb4
16. axb4 Qc7 17. Qh5 Nce7 18. Ng4 Bxc3 19. Nxh6+ Nxh6 20. Qxh6 Bxd2 21. Re2 Qxc2
22. Ra1 Rf5 23. f3 Qxd3 24. Rxe6 Qd4+ 25. Kh2 Bf4+ 26. g3 Qf2+ 27. Kh1 Qxf3+ 28.
Kg1 Qxg3+ 29. Kf1 Bb5+ 30. Re2 Be3# 0-1